| 000 | 01782cam a22004694i 4500 | ||
|---|---|---|---|
| 003 | PE-LiUPU | ||
| 005 | 20250731173057.0 | ||
| 008 | 150623s r 000 0 d | ||
| 020 | _a080541827X | ||
| 035 | _a(Sirsi) i9780805418279 | ||
| 040 |
_aPE-LiUPU _bspa _cPE-LiUPU _erda |
||
| 049 | _aPRUA | ||
| 082 | 0 | 4 |
_a251.002 _bM12 _221 |
| 100 | 1 |
_aMcDill, Wayne V., _eautor. |
|
| 245 | 1 | 4 |
_aThe moment of truth : _ba guide to effective sermon delivery / _cWayne V. McDill. |
| 264 | 1 |
_aNashville, Tennessee : _bBroadman & Holman Publishers, _c1999. |
|
| 300 |
_a197 páginas : _bilustraciones, gráficos ; _c23 centímetros |
||
| 336 |
_atext _2rdacontent |
||
| 337 |
_aunmediated _2rdamedia |
||
| 338 |
_avolume _2rdacarrier |
||
| 490 | 0 | _aA Guide to Effective Sermon Delivery | |
| 504 | _aIncluye bibliografía. | ||
| 505 | 0 | _aThe moment of truth. -God's plan for preaching. -The pearson of the preacher. -Knowing your audience. -The challenge of oral communication. -The sound of a voice. -More than words. -Preaching style. -Effective presentation. -Designing the sermon. -The preaching moment. | |
| 526 | _aSEG42 | ||
| 526 | _aSEG41 | ||
| 526 | _aSEG40 | ||
| 526 | _aSEG39 | ||
| 526 | _aP94 | ||
| 526 | _aP87 | ||
| 526 | _aP86 | ||
| 526 | _aP85 | ||
| 526 | _aP77 | ||
| 526 | _aP76 | ||
| 526 | _aP35 | ||
| 650 | 0 | 4 | _aPredicación. |
| 942 |
_2ddc _cBOOK |
||
| 949 |
_a251.002 M12 _wDEWEY _c1 _i48626 _lCCODEBUL1 _mBUL _r0 _sY _tBOOK _u2015-6-24 _xTEOLOGIA _PP35 _0COMPRA _o.STAFF. Colección General |
||
| 994 |
_aC0 _bPEPRU |
||
| 596 | _a1 | ||
| 999 |
_a251.002 M12 _wDEWEY _c27796 _i48626 _f2021-11-10 _g5 _lCCODEBUL1 _mBUL _r0 _sY _tBOOK _u2015-6-24 _xTEOLOGIA _PP35 _0COMPRA _o.STAFF. Colección General _d27796 |
||
| 980 |
_81 _gALBERTO SANCHEZ Responsable de Automatización |
||